| 000 | 00532nam a2200193Ia 4500 | ||
|---|---|---|---|
| 008 | 220216s9999 xx 000 0 und d | ||
| 100 | _aVon Meyerinck | ||
| 245 | 0 | _aProcess oils for the rubber industry - Legal basis and assessment of potential carcinogenicity | |
| 260 |
_bKautschuk Gummi Kunststoffe _c1996 |
||
| 300 | _a514-520 | ||
| 650 | _aCarcinogens | ||
| 650 | _aProcess oils | ||
| 650 | _aRubber | ||
| 650 | _aRubber industry | ||
| 700 | _aKing D | ||
| 700 | _aRiley A | ||
| 700 | _aWommelsdorff R | ||
| 942 | _cJS | ||
| 999 |
_c65747 _d65747 |
||